000
00324nam a2200133Ia 4500
005
20260326235453.0
008
260326s9999||||xx |||||||||||||| ||und||
100
_a
Blunt, Wilfrid
245
0
_a
Splendours of Islam /
_c
Wilfrid Blunt
260
_b
Angus and Robertson
300
_a
152 p.
650
_a
EDAD MEDIA
942
_c
BK
999
_c
7837
_d
7837